[Event "Montreal Mercredi 05"]
[Site "Montreal CAN"]
[Date "2009.05.20"]
[Round "2"]
[White "Levkovsky, Alexandre"]
[Black "Plante, Michel"]
[Result "1/2-1/2"]
[WhiteElo "2164"]
[BlackElo "2065"]
[PlyCount "127"]
[GameId "2160767910156836"]
[EventDate "2009.05.13"]
[EventType "tourn"]
[EventRounds "5"]
[EventCountry "CAN"]
[SourceTitle "EXT 2011"]
[Source "ChessBase"]
[SourceDate "2011.11.26"]
[SourceVersion "1"]
[SourceVersionDate "2011.11.26"]
[SourceQuality "1"]

1. e4 d6 2. d4 Nf6 3. Nc3 Nbd7 4. f4 e5 5. Nf3 exd4 6. Qxd4 c6 7. a4 Be7 8. g4 O-O 9. g5 Nh5 10. Bc4 d5 11. exd5 Bc5 12. Qd3 Re8+ 13. Ne2 Qe7 14. Bd2 Nb6 15. Ne5 Nxc4 16. Qxc4 cxd5 17. Qd3 f6 18. gxf6 gxf6 19. Qf3 Ng7 20. Nd3 Bb6 21. a5 Bc7 22. Kd1 Kh8 23. Re1 Qf7 24. Nd4 Bd7 25. Bc3 Rad8 26. Kd2 b6 27. Rxe8+ Rxe8 28. Re1 Rxe1 29. Kxe1 Qe7+ 30. Kd2 Qe4 31. axb6 axb6 32. Qf2 Kg8 33. Qh4 Bd8 34. Nf2 Qg6 35. Qg3 Kf7 36. Qxg6+ hxg6 37. Nd3 Bc7 38. Ke3 Nf5+ 39. Nxf5 Bxf5 40. Nb4 Be4 41. Bd4 Ke6 42. c4 Bd8 43. cxd5+ Bxd5 44. f5+ gxf5 45. Nd3 Be4 46. Nf4+ Kf7 47. h4 b5 48. h5 Bc7 49. Ng6 Bd6 50. Nf4 Bf8 51. Ne2 Bh6+ 52. Nf4 Bg5 53. Bc5 Ke8 54. Bd6 Kd7 55. Bc5 Bh6 56. Bb4 Bc2 57. Bd2 Bd1 58. Kd4 Bxf4 59. Bxf4 Bxh5 60. b4 Ke6 61. Bb8 f4 62. Bxf4 Kf5 63. Ke3 Kg4 64. Bd6 1/2-1/2

[Event "Montreal Mercredi 05"]
[Site "Montreal CAN"]
[Date "2009.05.20"]
[Round "2"]
[White "Mathews, Theo"]
[Black "Morin, Louis"]
[Result "1-0"]
[WhiteElo "1716"]
[BlackElo "1951"]
[PlyCount "124"]
[GameId "2160767910156837"]
[EventDate "2009.05.13"]
[EventType "tourn"]
[EventRounds "5"]
[EventCountry "CAN"]
[SourceTitle "EXT 2011"]
[Source "ChessBase"]
[SourceDate "2011.11.26"]
[SourceVersion "1"]
[SourceVersionDate "2011.11.26"]
[SourceQuality "1"]

1. e4 e5 2. Nf3 d6 3. Bc4 Be6 4. Qe2 Nc6 5. Bxe6 fxe6 6. Nc3 Be7 7. O-O Nf6 8. d3 O-O 9. Be3 d5 10. exd5 exd5 11. Bg5 h6 12. Bh4 Nd4 13. Nxd4 exd4 14. Qe6+ Kh8 15. Ne2 c5 16. Nf4 Qe8 17. Qxe7 g5 18. Ng6+ Qxg6 19. Bg3 b6 20. Be5 Qf7 21. Bxf6+ Qxf6 22. Qxf6+ Rxf6 23. Rae1 Raf8 24. Re5 Rf5 25. Rxf5 Rxf5 26. Re1 Rf7 27. Re8+ Kg7 28. Rd8 Rf5 29. Rd7+ Rf7 30. Rxd5 Re7 31. Kf1 Kf7 32. Rd6 Kg7 33. c3 dxc3 34. bxc3 h5 35. a4 Kh7 36. a5 bxa5 37. Ra6 Rd7 38. Ke2 Re7+ 39. Kd2 Rf7 40. f3 g4 41. fxg4 Rf2+ 42. Ke3 Rxg2 43. Rxa7+ Kh6 44. Rxa5 h4 45. Rxc5 Rxh2 46. Rh5+ Kg6 47. d4 Rh3+ 48. Kd2 Rh2+ 49. Kd3 Rh3+ 50. Kc4 Rh1 51. Kc5 h3 52. d5 h2 53. c4 Kf7 54. d6 Ke8 55. Rh7 Rg1 56. Rxh2 Rxg4 57. Kb5 Kd7 58. c5 Rg1 59. Rh7+ Ke6 60. Kb6 Rd1 61. Re7+ Kf6 62. Re2 Rd3 1-0

[Event "Montreal Mercredi 05"]
[Site "Montreal CAN"]
[Date "2009.05.20"]
[Round "2"]
[White "Messier, Samuel"]
[Black "Wang, Kelly"]
[Result "1-0"]
[WhiteElo "1549"]
[BlackElo "1564"]
[PlyCount "53"]
[GameId "2160767910156838"]
[EventDate "2009.05.13"]
[EventType "tourn"]
[EventRounds "5"]
[EventCountry "CAN"]
[SourceTitle "EXT 2011"]
[Source "ChessBase"]
[SourceDate "2011.11.26"]
[SourceVersion "1"]
[SourceVersionDate "2011.11.26"]
[SourceQuality "1"]

1. e4 c5 2. Nf3 d6 3. d4 cxd4 4. Nxd4 Nf6 5. Nc3 g6 6. Be3 Bg7 7. f3 Nc6 8. Qd2 O-O 9. O-O-O Bd7 10. g4 Re8 11. Bc4 Rc8 12. Bb3 a6 13. h4 b5 14. h5 b4 15. Nd5 a5 16. hxg6 hxg6 17. Nxf6+ Bxf6 18. Qh2 e6 19. Nxc6 Bxc6 20. Bd4 Bxd4 21. Rxd4 Qf6 22. Rxd6 a4 23. Rxc6 Rxc6 24. Bxa4 Rec8 25. Bxc6 Rxc6 26. Qb8+ Kg7 27. Qh8# 1-0

[Event "Montreal Mercredi 05"]
[Site "Montreal CAN"]
[Date "2009.05.20"]
[Round "2"]
[White "Millette, Sylvain"]
[Black "Chesnut, Walter"]
[Result "1/2-1/2"]
[WhiteElo "1652"]
[BlackElo "1627"]
[PlyCount "54"]
[GameId "2160767910156839"]
[EventDate "2009.05.13"]
[EventType "tourn"]
[EventRounds "5"]
[EventCountry "CAN"]
[SourceTitle "EXT 2011"]
[Source "ChessBase"]
[SourceDate "2011.11.26"]
[SourceVersion "1"]
[SourceVersionDate "2011.11.26"]
[SourceQuality "1"]

1. Nf3 Nf6 2. g3 g6 3. Bg2 Bg7 4. c4 d5 5. O-O c6 6. cxd5 cxd5 7. d4 Nc6 8. Nc3 O-O 9. Ne5 e6 10. Nxc6 bxc6 11. Bg5 Qb6 12. Qd2 Rb8 13. Na4 Qb4 14. Qxb4 Rxb4 15. b3 Rxd4 16. Be3 Rxa4 17. bxa4 Ng4 18. Rac1 Nxe3 19. fxe3 Bh6 20. Rxc6 Bxe3+ 21. Kh1 Bb6 22. Rb1 Bd7 23. Rcxb6 axb6 24. Rxb6 Bxa4 25. e4 Rc8 26. Kg1 Rc1+ 27. Kf2 Rc2+ 1/2-1/2

[Event "Montreal Mercredi 05"]
[Site "Montreal CAN"]
[Date "2009.05.20"]
[Round "2"]
[White "Neumark-Gaudet, Zev"]
[Black "Maharisoa, Tantely"]
[Result "1/2-1/2"]
[WhiteElo "1557"]
[BlackElo "1573"]
[PlyCount "95"]
[GameId "2160767910156840"]
[EventDate "2009.05.13"]
[EventType "tourn"]
[EventRounds "5"]
[EventCountry "CAN"]
[SourceTitle "EXT 2011"]
[Source "ChessBase"]
[SourceDate "2011.11.26"]
[SourceVersion "1"]
[SourceVersionDate "2011.11.26"]
[SourceQuality "1"]

1. d4 Nf6 2. c4 e6 3. Nf3 d5 4. Nc3 Bd6 5. Bg5 c6 6. e3 Nbd7 7. Bd3 O-O 8. Qc2 h6 9. Bh4 dxc4 10. Bxc4 b5 11. Bd3 Bb7 12. e4 e5 13. dxe5 Nxe5 14. Nxe5 Bxe5 15. O-O Qc7 16. Bxf6 Bxf6 17. Nxb5 Qe7 18. Nc3 Rfd8 19. Na4 Bd4 20. Rac1 c5 21. Qe2 Rd6 22. Rc2 Rad8 23. Kh1 Bxf2 24. Qxf2 Rxd3 25. Nxc5 Rd1 26. Nxb7 Qxb7 27. Rc1 R8d2 28. Rcxd1 Rxf2 29. Rxf2 Qxe4 30. Rfd2 f5 31. h3 a5 32. a3 Qe5 33. Rd5 Qe2 34. b4 axb4 35. axb4 Kf7 36. Rxf5+ Ke6 37. Rff1 Qb5 38. Rfe1+ Kf5 39. Rb1 g5 40. Rec1 Kf4 41. Rf1+ Kg3 42. Rb3+ Kh4 43. Rf6 h5 44. Kh2 g4 45. Rg6 g3+ 46. Rgxg3 Qb8 47. b5 Qxg3+ 48. Rxg3 1/2-1/2

[Event "Montreal Mercredi 05"]
[Site "Montreal CAN"]
[Date "2009.05.27"]
[Round "3"]
[White "Baran, Marius"]
[Black "Dumont, Felix"]
[Result "0-1"]
[WhiteElo "1691"]
[BlackElo "1653"]
[PlyCount "96"]
[GameId "2160767910156842"]
[EventDate "2009.05.13"]
[EventType "tourn"]
[EventRounds "5"]
[EventCountry "CAN"]
[SourceTitle "EXT 2011"]
[Source "ChessBase"]
[SourceDate "2011.11.26"]
[SourceVersion "1"]
[SourceVersionDate "2011.11.26"]
[SourceQuality "1"]

1. d4 Nf6 2. c4 g6 3. Nc3 Bg7 4. e4 d6 5. Bd3 O-O 6. Be3 e5 7. d5 Ng4 8. Nf3 Nxe3 9. fxe3 a5 10. O-O Na6 11. Qe2 Nc5 12. h3 f5 13. exf5 gxf5 14. e4 f4 15. Bc2 Bd7 16. b3 Kh8 17. a3 Rg8 18. b4 Na6 19. Rfb1 Bh6 20. Kf1 Qc8 21. Qf2 Bxh3 22. Nh4 f3 23. Nf5 Rxg2 24. Qh4 Bxf5 25. exf5 Be3 26. Ne2 Rxe2 27. Be4 Rf2+ 28. Qxf2 Bxf2 29. Kxf2 Qg8 30. Rg1 Qf7 31. f6 Qxf6 32. Rh1 Qf7 33. Rh3 Rg8 34. Rxf3 Qg7 35. Rf1 Rf8 36. Rh1 Rxf3+ 37. Kxf3 axb4 38. axb4 Nxb4 39. Bf5 Qf7 40. Ke4 Na6 41. Rf1 Nc5+ 42. Ke3 Qh5 43. Rf3 Qg5+ 44. Ke2 h5 45. Kf2 Qh4+ 46. Kg2 Qxc4 47. Kh3 Qxd5 48. Rg3 Qh1# 0-1

[Event "Montreal Mercredi 05"]
[Site "Montreal CAN"]
[Date "2009.05.27"]
[Round "3"]
[White "Chang, Michael"]
[Black "Keane-McCarney, Eamon"]
[Result "0-1"]
[WhiteElo "1449"]
[BlackElo "1443"]
[PlyCount "104"]
[GameId "2160767910156843"]
[EventDate "2009.05.13"]
[EventType "tourn"]
[EventRounds "5"]
[EventCountry "CAN"]
[SourceTitle "EXT 2011"]
[Source "ChessBase"]
[SourceDate "2011.11.26"]
[SourceVersion "1"]
[SourceVersionDate "2011.11.26"]
[SourceQuality "1"]

1. e4 c5 2. Nf3 d6 3. d4 cxd4 4. Nxd4 Nf6 5. Nc3 a6 6. a4 e6 7. Bc4 Qc7 8. Bb3 Be7 9. O-O g6 10. Bh6 e5 11. Nde2 Rg8 12. Qd2 Be6 13. Bxe6 fxe6 14. h3 Nc6 15. Rab1 Qa5 16. f4 Qc5+ 17. Kh1 O-O-O 18. Na2 Nxe4 19. Qe1 Qxc2 20. Rc1 Qxe2 21. Qxe2 Ng3+ 22. Kh2 Nxe2 23. Rc2 Ned4 24. Rc3 Kb8 25. fxe5 Nxe5 26. Be3 Ndc6 27. b4 d5 28. Bb6 d4 29. Rb3 Rd5 30. b5 Nc4 31. Rd1 Ne3 32. Rc1 Bd6+ 33. Kh1 axb5 34. axb5 Na7 35. Rcb1 Nc8 36. Bxd4 Nxg2 37. Bg1 Rd2 38. Nc3 Be5 39. Ne4 Rc2 40. Ng5 Rd8 41. Nxe6 Rdd2 42. Ra3 Nd6 43. Rf1 Nf5 44. Rff3 Ne1 45. Rfb3 Ra2 46. Rxa2 Rxa2 47. b6 Ng3+ 48. Rxg3 Bxg3 49. Nf8 Nf3 50. Nxh7 Ra1 51. Kg2 Rxg1+ 52. Kxf3 Bh4 0-1

[Event "Montreal Mercredi 05"]
[Site "Montreal CAN"]
[Date "2009.05.27"]
[Round "3"]
[White "Chesnut, Walter"]
[Black "Messier, Samuel"]
[Result "1/2-1/2"]
[WhiteElo "1627"]
[BlackElo "1549"]
[PlyCount "66"]
[GameId "2160767910156844"]
[EventDate "2009.05.13"]
[EventType "tourn"]
[EventRounds "5"]
[EventCountry "CAN"]
[SourceTitle "EXT 2011"]
[Source "ChessBase"]
[SourceDate "2011.11.26"]
[SourceVersion "1"]
[SourceVersionDate "2011.11.26"]
[SourceQuality "1"]

1. e4 e5 2. Nf3 Nc6 3. Bb5 a6 4. Ba4 Nf6 5. O-O Be7 6. Re1 b5 7. Bb3 d6 8. c3 O-O 9. h3 Bb7 10. d3 Re8 11. Nbd2 Bf8 12. Nf1 Na5 13. Bc2 c5 14. Bg5 h6 15. Bh4 Nc6 16. Ne3 Nb8 17. Ng4 Nbd7 18. Ne3 Qc7 19. Nf5 g6 20. Ne3 Bg7 21. Qd2 Rac8 22. Nh2 c4 23. Neg4 Kh7 24. f4 cxd3 25. Bxd3 exf4 26. Qxf4 Nxg4 27. Nxg4 Qc5+ 28. Bf2 Qg5 29. Qxf7 Re7 30. Qf3 Rce8 31. Be3 Qh4 32. Bf2 Qg5 33. Be3 Qh4 1/2-1/2

[Event "Montreal Mercredi 05"]
[Site "Montreal CAN"]
[Date "2009.05.27"]
[Round "3"]
[White "Crezegut, Anthony"]
[Black "Pozdnyakov, Alexander"]
[Result "1/2-1/2"]
[WhiteElo "1673"]
[BlackElo "1654"]
[PlyCount "83"]
[GameId "2160767910156846"]
[EventDate "2009.05.13"]
[EventType "tourn"]
[EventRounds "5"]
[EventCountry "CAN"]
[SourceTitle "EXT 2011"]
[Source "ChessBase"]
[SourceDate "2011.11.26"]
[SourceVersion "1"]
[SourceVersionDate "2011.11.26"]
[SourceQuality "1"]

1. d4 f5 2. Nc3 e6 3. e4 fxe4 4. Nxe4 Nf6 5. Bg5 Be7 6. Bxf6 Bxf6 7. Nf3 b6 8. Bd3 Nc6 9. c3 Bb7 10. Qc2 Qe7 11. Nxf6+ gxf6 12. O-O-O O-O-O 13. Qe2 Qg7 14. Rhg1 Ne7 15. Ba6 Nd5 16. Bxb7+ Kxb7 17. g3 Qg4 18. Rge1 Rhg8 19. a3 Ne7 20. Qe4+ Qxe4 21. Rxe4 Rg7 22. Nh4 f5 23. Ree1 f4 24. Rf1 Rf8 25. Kd2 Kc6 26. c4 Nf5 27. Nxf5 Rxf5 28. Rde1 Rh5 29. Rh1 Rf7 30. g4 Rh3 31. Ke2 Rb3 32. Rb1 f3+ 33. Kd2 a5 34. Kc2 a4 35. Rbd1 Rf4 36. h3 e5 37. dxe5 Rxc4+ 38. Kb1 Re4 39. Rhe1 Rxe1 40. Rxe1 Kd5 41. Rd1+ Ke6 42. Kc2 1/2-1/2

[Event "Montreal Mercredi 05"]
[Site "Montreal CAN"]
[Date "2009.05.27"]
[Round "3"]
[White "Dardoura, Khaled"]
[Black "Ber, Alexandre"]
[Result "0-1"]
[WhiteElo "1468"]
[BlackElo "1539"]
[PlyCount "74"]
[GameId "2160767910156847"]
[EventDate "2009.05.13"]
[EventType "tourn"]
[EventRounds "5"]
[EventCountry "CAN"]
[SourceTitle "EXT 2011"]
[Source "ChessBase"]
[SourceDate "2011.11.26"]
[SourceVersion "1"]
[SourceVersionDate "2011.11.26"]
[SourceQuality "1"]

1. d4 e6 2. c4 f5 3. Nf3 Nf6 4. Nc3 Be7 5. g3 O-O 6. Bg2 d5 7. cxd5 exd5 8. O-O c6 9. Bf4 Ne4 10. Rc1 Be6 11. Qb3 Qb6 12. Qxb6 axb6 13. a3 Nd7 14. Nd2 Bf6 15. Ndxe4 fxe4 16. Rfd1 g5 17. Be3 g4 18. Rf1 Rae8 19. Nb1 Bf7 20. Bh6 Bg7 21. Bxg7 Kxg7 22. Rc3 Bg6 23. Nd2 Rf7 24. Re3 Rfe7 25. Re1 Nf6 26. Kf1 Rf7 27. f3 gxf3 28. exf3 Ng4 29. R3e2 e3 30. Kg1 exd2 31. Rxe8 dxe1=Q+ 32. Rxe1 Nf6 33. Kf2 Kf8 34. Bh3 Re7 35. Rc1 Ne8 36. f4 Nd6 37. f5 Bxf5 0-1

[Event "Montreal Mercredi 05"]
[Site "Montreal CAN"]
[Date "2009.05.27"]
[Round "3"]
[White "Maharisoa, Tantely"]
[Black "Millette, Sylvain"]
[Result "1-0"]
[WhiteElo "1573"]
[BlackElo "1652"]
[PlyCount "35"]
[GameId "2160767910156848"]
[EventDate "2009.05.13"]
[EventType "tourn"]
[EventRounds "5"]
[EventCountry "CAN"]
[SourceTitle "EXT 2011"]
[Source "ChessBase"]
[SourceDate "2011.11.26"]
[SourceVersion "1"]
[SourceVersionDate "2011.11.26"]
[SourceQuality "1"]

1. d4 Nf6 2. Nf3 g6 3. g3 d5 4. Nbd2 Bg7 5. Ne5 O-O 6. Bg2 c6 7. Ndf3 Nbd7 8. Bf4 Nxe5 9. Nxe5 Nd7 10. Ng4 Qb6 11. Bh6 Bxh6 12. Nxh6+ Kg7 13. Qd2 f5 14. g4 f4 15. g5 e5 16. O-O-O exd4 17. Ng4 Nc5 18. Qxd4+ 1-0

[Event "Montreal Mercredi 05"]
[Site "Montreal CAN"]
[Date "2009.05.27"]
[Round "3"]
[White "Matheson, Ben"]
[Black "Eddouri, Hmida"]
[Result "1-0"]
[WhiteElo "1528"]
[BlackElo "1506"]
[PlyCount "77"]
[GameId "2160767910156849"]
[EventDate "2009.05.13"]
[EventType "tourn"]
[EventRounds "5"]
[EventCountry "CAN"]
[SourceTitle "EXT 2011"]
[Source "ChessBase"]
[SourceDate "2011.11.26"]
[SourceVersion "1"]
[SourceVersionDate "2011.11.26"]
[SourceQuality "1"]

1. e4 e5 2. Nf3 Nc6 3. Bc4 Nf6 4. Ng5 d5 5. exd5 Nxd5 6. Nxf7 Kxf7 7. Qf3+ Ke6 8. Nc3 Ncb4 9. O-O c6 10. d4 Qf6 11. Qg4+ Qf5 12. Qxf5+ Kxf5 13. Re1 Bd6 14. a3 Nxc2 15. Bd3+ Ke6 16. Bxc2 Nxc3 17. bxc3 Re8 18. f4 h6 19. Bb3+ Kd7 20. fxe5 Kd8 21. Rf1 Be7 22. Rf7 g6 23. Bxh6 Bf5 24. a4 a5 25. h3 Ra6 26. g4 Be4 27. Re1 Bd5 28. Bxd5 cxd5 29. Rb1 Kc7 30. Bg5 Re6 31. Bxe7 R8xe7 32. Rxe7+ Rxe7 33. Rb5 b6 34. Rxd5 Re6 35. Kf2 Rc6 36. Rd6 b5 37. Rxc6+ Kxc6 38. axb5+ Kxb5 39. Ke2 1-0

[Event "Montreal Mercredi 05"]
[Site "Montreal CAN"]
[Date "2009.05.27"]
[Round "3"]
[White "Morin, Louis"]
[Black "Khudaverdian, Berj"]
[Result "0-1"]
[WhiteElo "1951"]
[BlackElo "1727"]
[PlyCount "54"]
[GameId "2160767910156850"]
[EventDate "2009.05.13"]
[EventType "tourn"]
[EventRounds "5"]
[EventCountry "CAN"]
[SourceTitle "EXT 2011"]
[Source "ChessBase"]
[SourceDate "2011.11.26"]
[SourceVersion "1"]
[SourceVersionDate "2011.11.26"]
[SourceQuality "1"]

1. e4 d6 2. d4 Nf6 3. Bd3 g6 4. c3 Bg7 5. Ne2 O-O 6. f3 c6 7. Be3 e5 8. Qd2 Re8 9. Na3 Qe7 10. O-O-O Nbd7 11. Bh6 Bh8 12. Nc2 a5 13. Ne3 b5 14. Bb1 Nb6 15. dxe5 dxe5 16. Ng3 Qc5 17. Nef5 Nc4 18. Qg5 Bxf5 19. Nxf5 Nh5 20. Bc2 Bf6 21. Qg4 b4 22. Rd3 Rab8 23. Rhd1 Nxb2 24. Kxb2 bxc3+ 25. Ka1 Rb2 26. Ne3 Qa3 27. Bb1 Rxa2+ 0-1

[Event "Montreal Mercredi 05"]
[Site "Montreal CAN"]
[Date "2009.05.27"]
[Round "3"]
[White "Wang, Kelly"]
[Black "Neumark-Gaudet, Zev"]
[Result "0-1"]
[WhiteElo "1564"]
[BlackElo "1557"]
[PlyCount "62"]
[GameId "2160767910156851"]
[EventDate "2009.05.13"]
[EventType "tourn"]
[EventRounds "5"]
[EventCountry "CAN"]
[SourceTitle "EXT 2011"]
[Source "ChessBase"]
[SourceDate "2011.11.26"]
[SourceVersion "1"]
[SourceVersionDate "2011.11.26"]
[SourceQuality "1"]

1. e4 d5 2. exd5 Qxd5 3. Nc3 Qa5 4. d4 c6 5. Nf3 Nf6 6. Bd2 Qc7 7. Bd3 Bg4 8. O-O e6 9. h3 Bh5 10. Be2 Nbd7 11. Qc1 Bd6 12. Be3 O-O 13. Qd2 Rfe8 14. a3 Rad8 15. b4 e5 16. dxe5 Nxe5 17. Nxe5 Bxe5 18. Bd3 Ne4 19. Nxe4 Bxa1 20. Ng3 Qe5 21. Bf4 Bc3 22. Qc1 Qd5 23. Be4 Rxe4 24. Nxe4 Qxe4 25. f3 Qd4+ 26. Be3 Qxe3+ 27. Qxe3 Bd4 28. Qxd4 Rxd4 29. Re1 Kf8 30. c3 Rd2 31. Rc1 Bg6 0-1

[Event "Montreal Mercredi 05"]
[Site "Montreal CAN"]
[Date "2009.06.03"]
[Round "4"]
[White "Chesnut, Walter"]
[Black "Maharisoa, Tantely"]
[Result "1-0"]
[WhiteElo "1627"]
[BlackElo "1573"]
[PlyCount "78"]
[GameId "2160767910156853"]
[EventDate "2009.05.13"]
[EventType "tourn"]
[EventRounds "5"]
[EventCountry "CAN"]
[SourceTitle "EXT 2011"]
[Source "ChessBase"]
[SourceDate "2011.11.26"]
[SourceVersion "1"]
[SourceVersionDate "2011.11.26"]
[SourceQuality "1"]

1. e4 c6 2. d4 d5 3. exd5 cxd5 4. c4 Nf6 5. Nf3 e6 6. Nc3 Bd6 7. Bg5 dxc4 8. Bxc4 a6 9. O-O O-O 10. Re1 Nbd7 11. Bb3 h6 12. Bc1 b5 13. d5 e5 14. Nd2 Nc5 15. Bc2 Qb6 16. Nde4 Nfxe4 17. Nxe4 Nxe4 18. Bxe4 f5 19. Be3 Qa5 20. Bc2 Bb7 21. Bd2 b4 22. a3 Qxd5 23. Bb3 Rad8 24. Bxd5+ Bxd5 25. Bg5 hxg5 26. Qxd5+ Kh8 27. Qb3 bxa3 28. bxa3 Rf6 29. Red1 Rb8 30. Qa4 e4 31. Rac1 Rb5 32. g3 Be5 33. Rb1 Rc5 34. Qe8+ Kh7 35. Qe7 Rfc6 36. Qd7 f4 37. Rd5 Rc3 38. Qf5+ Kh6 39. Qxe5 f3 1-0

[Event "Montreal Mercredi 05"]
[Site "Montreal CAN"]
[Date "2009.06.03"]
[Round "4"]
[White "Cote, Philippe"]
[Black "Crezegut, Anthony"]
[Result "1-0"]
[WhiteElo "1707"]
[BlackElo "1673"]
[PlyCount "105"]
[GameId "2160767910156854"]
[EventDate "2009.05.13"]
[EventType "tourn"]
[EventRounds "5"]
[EventCountry "CAN"]
[SourceTitle "EXT 2011"]
[Source "ChessBase"]
[SourceDate "2011.11.26"]
[SourceVersion "1"]
[SourceVersionDate "2011.11.26"]
[SourceQuality "1"]

1. e4 d5 2. exd5 Qxd5 3. Nc3 Qd6 4. d4 Nf6 5. Nf3 a6 6. Bc4 b5 7. Bb3 Bb7 8. O-O e6 9. Re1 c5 10. Bxe6 fxe6 11. Ng5 Qxd4 12. Rxe6+ Be7 13. Qe1 Nc6 14. Be3 Qb4 15. a3 Qxb2 16. Bxc5 O-O 17. Bxe7 Nxe7 18. Ra2 Qxa2 19. Nxa2 Bd5 20. Nb4 Bxe6 21. Qxe6+ Kh8 22. Nf7+ Kg8 23. Nd6+ Kh8 24. Qxe7 Rfe8 25. Nxe8 Rxe8 26. Qxe8+ Nxe8 27. Nxa6 Nd6 28. Nc5 Nc4 29. a4 bxa4 30. Nxa4 g5 31. Kf1 Kg7 32. Ke2 Kf6 33. Nc5 Kf5 34. Nd7 h5 35. Kd3 Nd6 36. c4 Ke6 37. Nc5+ Kf5 38. Nb3 Ke5 39. c5 Nf7 40. Kc4 Nd8 41. Nd4 g4 42. g3 Ke4 43. c6 Nxc6 44. Nxc6 Kf3 45. Nd4+ Kxf2 46. Ne6 Kg2 47. Ng7 Kxh2 48. Nxh5 Kg2 49. Kd4 Kf3 50. Ke5 Ke3 51. Kf5 Kf3 52. Kg5 Ke4 53. Kxg4 1-0

[Event "Montreal Mercredi 05"]
[Site "Montreal CAN"]
[Date "2009.06.03"]
[Round "4"]
[White "Dumont, Felix"]
[Black "Pozdnyakov, Alexander"]
[Result "1-0"]
[WhiteElo "1653"]
[BlackElo "1654"]
[PlyCount "42"]
[GameId "2160767910156855"]
[EventDate "2009.05.13"]
[EventType "tourn"]
[EventRounds "5"]
[EventCountry "CAN"]
[SourceTitle "EXT 2011"]
[Source "ChessBase"]
[SourceDate "2011.11.26"]
[SourceVersion "1"]
[SourceVersionDate "2011.11.26"]
[SourceQuality "1"]

1. e4 d5 2. exd5 Nf6 3. d4 Bg4 4. f3 Bf5 5. Bb5+ Nbd7 6. c4 e6 7. dxe6 Bxe6 8. d5 Bf5 9. Nc3 Bc5 10. Qe2+ Qe7 11. Bg5 O-O-O 12. Qxe7 Bxe7 13. Bxd7+ Rxd7 14. Be3 Bd3 15. b3 Bb4 16. Kd2 Bg6 17. a3 Nxd5 18. axb4 Nxe3+ 19. Kxe3 Rd3+ 20. Kf2 Rxc3 21. Rxa7 Rxb3 1-0

[Event "Montreal Mercredi 05"]
[Site "Montreal CAN"]
[Date "2009.06.03"]
[Round "4"]
[White "Eddouri, Hmida"]
[Black "Keane-McCarney, Eamon"]
[Result "1-0"]
[WhiteElo "1506"]
[BlackElo "1443"]
[PlyCount "97"]
[GameId "2160767910156856"]
[EventDate "2009.05.13"]
[EventType "tourn"]
[EventRounds "5"]
[EventCountry "CAN"]
[SourceTitle "EXT 2011"]
[Source "ChessBase"]
[SourceDate "2011.11.26"]
[SourceVersion "1"]
[SourceVersionDate "2011.11.26"]
[SourceQuality "1"]

1. e4 c5 2. Nf3 d6 3. Bc4 Nf6 4. Nc3 a6 5. a3 e6 6. O-O Qc7 7. d3 Nc6 8. h3 b5 9. Bb3 Be7 10. Bf4 Bb7 11. Re1 Ne5 12. Nxe5 dxe5 13. Bh2 Rd8 14. Qf3 O-O 15. h4 Bd6 16. h5 c4 17. Ba2 cxd3 18. cxd3 Bxa3 19. Rac1 Rc8 20. bxa3 Qa5 21. Bxe5 b4 22. Bxf6 gxf6 23. axb4 Qe5 24. Na4 f5 25. Rxc8 Rxc8 26. Nc5 Ba8 27. Qg3+ Qxg3 28. fxg3 fxe4 29. Nxe4 Rc2 30. Bc4 Kg7 31. Rf1 f5 32. Nf2 Kf6 33. Bxa6 Kg5 34. Nh3+ Kg4 35. Rf2 Rc1+ 36. Kh2 Rb1 37. b5 Rb3 38. h6 e5 39. Bc8 Be4 40. dxe4 Rxg3 41. Rxf5 Kh4 42. Rh5+ Kxh5 43. Kxg3 Kxh6 44. Bf5 Kg7 45. b6 Kh6 46. b7 Kg7 47. b8=Q Kh6 48. Qg8 Kh5 49. Qg5# 1-0

[Event "Montreal Mercredi 05"]
[Site "Montreal CAN"]
[Date "2009.06.03"]
[Round "4"]
[White "Levkovsky, Alexandre"]
[Black "Morin, Louis"]
[Result "1-0"]
[WhiteElo "2164"]
[BlackElo "1951"]
[PlyCount "125"]
[GameId "2160767910156857"]
[EventDate "2009.05.13"]
[EventType "tourn"]
[EventRounds "5"]
[EventCountry "CAN"]
[SourceTitle "EXT 2011"]
[Source "ChessBase"]
[SourceDate "2011.11.26"]
[SourceVersion "1"]
[SourceVersionDate "2011.11.26"]
[SourceQuality "1"]

1. e4 e5 2. Nf3 d6 3. d4 Nc6 4. dxe5 Nxe5 5. Nxe5 dxe5 6. Qxd8+ Kxd8 7. Bc4 Be6 8. Bxe6 fxe6 9. Be3 Nf6 10. f3 c6 11. Ke2 Kc7 12. Rd1 Be7 13. Nd2 Rhd8 14. Nc4 Nd7 15. f4 b5 16. Nxe5 Nxe5 17. Rxd8 Rxd8 18. fxe5 a6 19. a4 Kb7 20. b3 Rd7 21. c4 Bb4 22. axb5 axb5 23. Ra7+ Kc8 24. Ra6 bxc4 25. Rxc6+ Rc7 26. Rxc4 Rxc4 27. bxc4 Kd7 28. Kd3 Kc6 29. Ba7 Ba3 30. Bb8 Bb2 31. Bd6 Bc1 32. Bf8 g6 33. h3 Bf4 34. Bd6 Bh6 35. Ke2 Bc1 36. Kf3 Bd2 37. Kg4 Bh6 38. h4 Bc1 39. h5 Bd2 40. hxg6 hxg6 41. Be7 Bh6 42. Bg5 Bf8 43. Be3 Be7 44. Bf2 Bd8 45. Kf4 Be7 46. Bd4 Bd8 47. Be3 Be7 48. Bc1 Bd8 49. Ba3 Bh4 50. Bb4 Bd8 51. Kg4 Kd7 52. Bf8 Kc6 53. Bb4 Kb6 54. Ba3 Kc6 55. Bf8 Kb6 56. Bg7 Kc5 57. Bf6 Bc7 58. Kg5 Kxc4 59. Kxg6 Kd4 60. g4 Ba5 61. Kf7 Bd2 62. Kxe6 Kxe4 63. g5 1-0

[Event "Montreal Mercredi 05"]
[Site "Montreal CAN"]
[Date "2009.06.03"]
[Round "4"]
[White "Matheson, Ben"]
[Black "Dardoura, Khaled"]
[Result "0-1"]
[WhiteElo "1528"]
[BlackElo "1468"]
[PlyCount "38"]
[GameId "2160767910156858"]
[EventDate "2009.05.13"]
[EventType "tourn"]
[EventRounds "5"]
[EventCountry "CAN"]
[SourceTitle "EXT 2011"]
[Source "ChessBase"]
[SourceDate "2011.11.26"]
[SourceVersion "1"]
[SourceVersionDate "2011.11.26"]
[SourceQuality "1"]

1. e4 e6 2. d4 d5 3. e5 c5 4. c3 Nc6 5. Nf3 Qb6 6. Bd3 Bd7 7. O-O cxd4 8. cxd4 Nxd4 9. Nxd4 Qxd4 10. Nc3 Qxe5 11. Re1 Qd6 12. Qg4 Nf6 13. Qg5 h6 14. Qh4 Be7 15. Bf4 Qb6 16. a4 Ne4 17. Qg4 Nxf2 18. Qxg7 Nh3+ 19. Kh1 Qg1+ 0-1